| 000 | 01110nam a2200301 i 4500 | ||
|---|---|---|---|
| 001 | 66861 | ||
| 003 | ES-MaACL | ||
| 005 | 20230906165851.0 | ||
| 007 | t| | ||
| 008 | 030619s2002 sp b |||| | spa d | ||
| 020 | _a84-7882-508-8 | ||
| 080 | _a016:821.124.09:821.134.2.09"12/14" | ||
| 080 | _a016:821.134.2.09"12/14":821.124.09 | ||
| 100 | 1 |
_aGonzález Rolán, Tomás. _958928 |
|
| 245 | 1 | 3 |
_aLa tradición clásica en España _b: (siglos XIII-XV) : bases conceptuales y bibliográficas / _cTomás González Rolán, Pilar Saquero Suárez-Somonte, Antonio López Fonseca. |
| 250 | _a1ª ed. | ||
| 260 |
_aMadrid : _bClásicas, _c2002. |
||
| 300 |
_a271 p. ; _c22 cm. |
||
| 490 | 1 |
_aAnejos de Tempus ; _v4 |
|
| 500 | _aÍndice. | ||
| 650 | 4 |
_aLiteratura clásica- _xInfluencia- _vBibliografías. _9167919 |
|
| 650 | 4 |
_aLiteratura española- _xInfluencia clásica- _vBibliografías. _9167918 |
|
| 700 | 1 |
_aSaquero Suárez-Somonte, Pilar. _9103731 |
|
| 700 | 1 |
_aLópez Fonseca, Antonio. _973644 |
|
| 830 | 0 |
_aAnejos de Tempus ; _v4 _9230847 |
|
| 852 |
_aES-MaACL _jL-27325 |
||
| 999 |
_c66861 _d66861 |
||